| 000 | 00703nam a2200229 4500 | ||
|---|---|---|---|
| 001 | 120218 | ||
| 003 | ES-MaACL | ||
| 005 | 20230906191505.0 | ||
| 007 | t| | ||
| 008 | 070214m19561958sp r ||||1| spa d | ||
| 100 | 1 |
_aPirandello, Luigi. _992338 |
|
| 245 | 1 | 0 |
_aObras completas / _cLuigi Pirandello ; [traducción de Ildefonso Grande y Manuel Bosch Barrett]. |
| 250 | _a1ª ed. | ||
| 260 |
_aBarcelona : _bJosé Janés, _c1956-58. |
||
| 300 |
_a2 v. ; _c18 cm. |
||
| 490 | 1 | _aLos clásicos del siglo XX | |
| 700 | 1 |
_aGrande, Ildefonso. _959585 |
|
| 700 | 1 |
_aBosch Barrett, Manuel. _930649 |
|
| 830 | 0 |
_aLos clásicos del siglo XX _9183579 |
|
| 852 |
_aES-MaACL _jE-3827-8 |
||
| 999 |
_c120218 _d120218 |
||